|
|
|
|
| LEADER |
00887nam a2200181Ia 4500 |
| 008 |
150624b xxu||||| |||| 00| 0 eng d |
| 020 |
|
|
|a 8173042659
|
| 020 |
|
|
|a 8173042659
|
| 082 |
|
|
|a 954.029
|
| 245 |
|
|
|a Commerce and culture in bay of Bengal, 1500-1800 /
|c edited by Om Prakash
|
| 260 |
|
|
|a New Delhi :
|b Manohar Publishers & Distributors,
|c 1999.
|
| 300 |
|
|
|a 416 p.
|
| 505 |
|
|
|a 1. Rivalry and competition in the bay of Bengal in the eleventh century and its bearing on Indian Ocean studies 2. Trade between South India and China, 1368-1644 3. Persianization and mercantilism: two themes in bay of Bengal history,1400-1700 4. Religiou
|
| 700 |
|
|
|a Lombard, Denys
|e editor.
|
| 700 |
|
|
|a Om Prakash
|e editor.
|
| 942 |
|
|
|c BK
|
| 999 |
|
|
|c 50849
|d 50849
|
| 952 |
|
|
|0 0
|1 0
|4 0
|6 954_029000000000000_OMP_C
|7 0
|9 50827
|a UL
|b UL
|c ST1
|d 2012-10-27
|l 1
|o 954.029 OMP/C
|p 73529
|r 2017-11-21
|s 2017-11-16
|w 2012-10-27
|y BK
|